Night woman / (Запис № 530989)
[ простий вигляд ]
| 000 -LEADER | |
|---|---|
| fixed length control field | 01501cam a2200385 a 4500 |
| 001 - CONTROL NUMBER | |
| control field | nightwoman00pric |
| 003 - CONTROL NUMBER IDENTIFIER | |
| control field | CaSfIA |
| 005 - DATE AND TIME OF LATEST TRANSACTION | |
| control field | 20210118193320.0 |
| 007 - PHYSICAL DESCRIPTION FIXED FIELD--GENERAL INFORMATION | |
| fixed length control field | cr|||| |
| 008 - FIXED-LENGTH DATA ELEMENTS--GENERAL INFORMATION | |
| fixed length control field | 920325s1992 nyu 000 1 eng |
| 010 ## - LIBRARY OF CONGRESS CONTROL NUMBER | |
| LC control number | 92050164 |
| 040 ## - CATALOGING SOURCE | |
| Original cataloging agency | DLC |
| Transcribing agency | DLC |
| Modifying agency | TMN |
| -- | JRD |
| -- | SVP |
| -- | OCL |
| -- | OCLCQ |
| -- | BAKER |
| -- | BTCTA |
| -- | YDXCP |
| -- | OCLCG |
| -- | OTP |
| -- | CaSfIA |
| 020 ## - INTERNATIONAL STANDARD BOOK NUMBER | |
| International Standard Book Number | 0671749935 : |
| Terms of availability | $21.00 ($26.00 Can.) |
| 020 ## - INTERNATIONAL STANDARD BOOK NUMBER | |
| International Standard Book Number | 9780671749934 |
| 035 ## - SYSTEM CONTROL NUMBER | |
| System control number | (OCoLC)25775822 |
| 043 ## - GEOGRAPHIC AREA CODE | |
| Geographic area code | n-us-nb |
| 050 00 - LIBRARY OF CONGRESS CALL NUMBER | |
| Classification number | PS3566.R49 |
| Item number | N5 1992 |
| 082 00 - DEWEY DECIMAL CLASSIFICATION NUMBER | |
| Classification number | 813/.54 |
| Edition number | 20 |
| 082 14 - DEWEY DECIMAL CLASSIFICATION NUMBER | |
| Classification number | [Fic] |
| 029 1# - (OCLC) | |
| OCLC library identifier | NLGGC |
| System control number | 095276297 |
| 029 1# - (OCLC) | |
| OCLC library identifier | YDXCP |
| System control number | 527857 |
| 029 1# - (OCLC) | |
| OCLC library identifier | NZ1 |
| System control number | 4169941 |
| 029 1# - (OCLC) | |
| OCLC library identifier | AU@ |
| System control number | 000009110831 |
| 100 1# - MAIN ENTRY--PERSONAL NAME | |
| Personal name | Price, Nancy, |
| Dates associated with a name | 1925- |
| 245 10 - TITLE STATEMENT | |
| Title | Night woman / |
| Medium | [electronic resource] |
| Statement of responsibility, etc | Nancy Price. |
| 260 ## - PUBLICATION, DISTRIBUTION, ETC. (IMPRINT) | |
| Place of publication, distribution, etc | New York : |
| Name of publisher, distributor, etc | Pocket Books, |
| Date of publication, distribution, etc | c1992. |
| 300 ## - PHYSICAL DESCRIPTION | |
| Extent | 314 p. ; |
| Dimensions | 25 cm. |
| 506 ## - RESTRICTIONS ON ACCESS NOTE | |
| Standardized terminology for access restriction | Необхідна авторизація на https://archive.org/ (створення облікового запису безкоштовно) |
| 506 ## - RESTRICTIONS ON ACCESS NOTE | |
| Standardized terminology for access restriction | Необхідна авторизація на https://openlibrary.org/ (створення облікового запису безкоштовно) |
| 651 #0 - SUBJECT ADDED ENTRY--GEOGRAPHIC NAME | |
| Geographic name | Nebraska |
| Form subdivision | Fiction. |
| 655 #7 - INDEX TERM--GENRE/FORM | |
| Genre/form data or focus term | Mystery fiction. |
| Source of term | gsafd |
| 856 41 - ELECTRONIC LOCATION AND ACCESS | |
| Uniform Resource Identifier | <a href="http://www.archive.org/details/nightwoman00pric">http://www.archive.org/details/nightwoman00pric</a> |
| Public note | Free eBook from the Internet Archive |
| 856 42 - ELECTRONIC LOCATION AND ACCESS | |
| Uniform Resource Identifier | <a href="http://www.openlibrary.org/books/OL1743061M">http://www.openlibrary.org/books/OL1743061M</a> |
| Public note | Additional information and access via Open Library |
| 942 ## - ADDED ENTRY ELEMENTS (KOHA) | |
| Koha item type | ЕКнига |
Немає доступних примірників.